header

How should one live? (Record no. 21370)

MARC details
000 -LEADER
fixed length control field 01175nam a2200301Ia 4500
245 00 - TITLE STATEMENT
Title How should one live?
260 ## - PUBLICATION, DISTRIBUTION, ETC. (IMPRINT)
Place of publication Oxford :
Name of publisher Clarendon Press ;
Place of publication New York :
Name of publisher Oxford University Press,
Year of publication 1996.
300 ## - PHYSICAL DESCRIPTION
Number of Pages viii, 263 p.
650 #0 - SUBJECT ADDED ENTRY--TOPICAL TERM
Topical Term Virtue.
Topical Term Ethics.
700 1# - ADDED ENTRY--PERSONAL NAME
Personal name Crisp, Roger,
856 40 - ELECTRONIC LOCATION AND ACCESS
Uniform Resource Identifier http://site.ebrary.com/lib/rucke/Doc?id=10274626

No items available.

© 2026 Rongo University
Contact us: librarian | system librarian | Rongo university